| 000 | 00677nam a2200241Ia 4500 | ||
|---|---|---|---|
| 005 | 20260121112407.0 | ||
| 008 | 5646 260114s9999 xx 000 0 eng d | ||
| 020 | _a9789814447614 | ||
| 037 | _aEBOOK | ||
| 040 |
_aCRL _beng _cCRL |
||
| 041 |
_aeng _2eng |
||
| 084 | _qCRL | ||
| 100 |
_aGonzalo Julio A Et Al _9956915 |
||
| 245 | 0 | _aIntelligible Design: a Realistic Approach to the Philosophy and History of Science | |
| 260 | _bWorld Scientific | ||
| 260 | _bWSPC | ||
| 260 | _c2013 | ||
| 650 |
_aGeneral _9956916 |
||
| 856 | _uhttps://www.worldscientific.com/worldscibooks/10.1142/8684#t=toc | ||
| 942 | _cEBOOK | ||
| 999 |
_c1542946 _d1542946 |
||